NBA Team's Leading Scorers - Statistics

General Stats
  • This quiz has been taken 27 times
  • The average score is 22 of 30
Answer Stats
Points Team Player % Correct
23,119 Cavaliers LeBron James
100%
21,531 Bucks Giannis Antetokounmpo
96%
29,277 Bulls Michael Jordan
96%
26,528 Warriors Stephen Curry
96%
18,120 Suns Devin Booker
92%
26,496 Spurs Tim Duncan
92%
19,376 Trailblazers Damian Lillard
88%
31,560 Mavericks Dirk Nowitzki
88%
21,556 Heat Dwyane Wade
88%
26,511 Rockets Hakeem Olajuwon
88%
36,374 Jazz Karl Malone
88%
25,279 Pacers Reggie Miller
88%
33,643 Lakers Kobe Bryant
85%
18,859 Thunder Russell Westbrook
85%
11,059 Pelicans Anthony Davis
81%
19,201 Timberwolves Kevin Garnett
81%
23,665 Knicks Patrick Ewing
81%
18,822 Pistons Isiah Thomas
77%
11,435 Magic Dwight Howard
73%
23,292 Hawks Dominique Wilkins
69%
22,009 Kings/Royals Oscar Robertson
69%
10,444 Nets Brook Lopez
62%
26,395 Celtics John Havlicek
62%
12,009 Hornets Kemba Walker
58%
21,645 Nuggets Alex English
54%
13,296 Raptors DeMar Derozan
54%
11,733 Grizzlies Mike Conley
54%
15,551 Wizards/Bullets Elvin Hayes
35%
21,586 76ers Hal Greer
23%
12,735 Clippers Randy Smith
19%
No matching quizzes found
Score Distribution
Percent of People with Each Score
Percentile by Number Answered
Your Score History
You have not taken this quiz